000 00636nam a2200169 a 4500
001 000014406
005 20200929163840.0
008 091211s1999 dr a 000 0 spa d
040 _aDO-SdBNP
_bspa
_cBNPHU
082 _axxx
_bR426e
110 1 _aRepública Dominicana
_bSecretariado Técnico de la Presidencia
_bOficina Nacional de Planificación
_911062
245 1 0 _aEvolución de la economía dominicana 1998.
260 _aSanto Domingo :
_bSecretariado Técnico de la Presidencia
_bOficina Nacional de Planificación,
_c1999.
300 _a154 p. :
_bil. ;
_c29 cm.
500 _aIncluye notas al pie de las páginas
049 _aBNPD
999 _c13997
_d13997